Statystyki dla 10 Najludniejszych Miast Polski

Kliknij tutaj aby rozwiązać quiz!

Ogólne statystyki

  • Ten quiz został rozwiązany 22,630 razy
  • Średni wynik to 7 z 10

Statystyki odpowiedzi

Liczba Mieszkańców Miasto % Correct
1.7 mlnWarszawa
100%
0.8 mlnKraków
95%
0.5 mlnGdańsk
88%
0.6 mlnWrocław
86%
0.5 mlnPoznań
85%
0.7 mlnŁódź
80%
0.3 mlnKatowice
67%
0.4 mlnSzczecin
61%
0.3 mlnLublin
44%
0.4 mlnBydgoszcz
36%

Rozkład punktacji

Percentyl według liczby udzielonych odpowiedzi

Procent ludzi z każdym wynikiem

Twoja historia wyników

Nie rozwiązałeś tego quizu